000 00586nam a2200217Ia 4500
003 OSt
005 20241209103520.0
008 210716s1978 xx 000 0 und d
020 _a0440141753
040 _cAIMIT LIBRARY
041 _aeng
082 _a808.83
_21
_bFASH
100 _aFast, Howard.
_9188727
245 _aImmigrants /
_cBy Howard Fast.
250 _a1st ed.
260 _aNew York :
_bDell Publishing Co ;
_c1978.
300 _a494p. ;
_bPB
_c18 cm.
650 _aSons and daughters
_9188728
650 _aVintage
_9188729
942 _2ddc
_cBK
_e1st ed.
_k808.83 FASH
999 _c199985
_d199985